Пропуск в контексте

Дисфункция эндотелия и нарушения тромбоцитарно-коагуляционного гемостаза в развитии диабетической нефропатии при сахарном диабете 2 типа Статья

Сохранить в:
Bibliografiske detaljer
Hovedforfatter: Сизиков В.И
Format: Статья
Online adgang:https://znanium.com/catalog/document?id=7550
https://znanium.com/cover/0484/484344.jpg
Tags: Tilføj Tag
Ingen Tags, Vær først til at tagge denne postø!
LEADER 01418nam0a2200241 i 4500
001 RU\infra-m\znanium\bibl\484344
003 https://znanium.com/catalog/document?id=7550
005 20200302000000.0
100 |a 20200302d2014 m y0rusy0150 ca 
101 0 |a rus 
102 |a RU 
200 1 |a Дисфункция эндотелия и нарушения тромбоцитарно-коагуляционного гемостаза в развитии диабетической нефропатии при сахарном диабете 2 типа  |e Статья 
210 1 |a Москва  |c ФГБУ "Эндокринологический научный центр" МинЗдрав РФ  |d 2007 
215 |a 3 с. 
333 |a Аспирантура 
606 |a Медицина. Фармакология  |x Эндокринология и болезни обмена веществ  |2 local 
608 |a Статья  |2 local 
700 1 |a Сизиков  |b В.И. 
701 1 |a Нелаева  |b А. А.  |g Алсу Асадовна 
701 1 |a Хасанова  |b Ю.В. 
801 0 |a RU  |b Общество с ограниченной ответственностью «ЗНАНИУМ»  |c 20140821  |2 rusmarc 
856 4 |a znanium.com  |m ebs_support@infra-m.ru  |n НИЦ ИНФРА-М  |u https://znanium.com/catalog/document?id=7550 
856 4 1 |a znanium.com  |d /cover/0484  |f 484344.jpg  |q image/jpeg  |u https://znanium.com/cover/0484/484344.jpg